Counties by Letter: C - Statistics

General Stats
  • This quiz has been taken 48 times
  • The average score is 153 of 369
Answer Stats
State County % Correct
Maryland Charles
89%
North Carolina Columbus
83%
Arkansas | Idaho | Illinois | +9 others Clark
78%
Alabama | Arkansas | Florida | +15 others Clay
78%
Texas Colorado
78%
Texas Camp
72%
Texas Carson
72%
South Carolina Charleston
72%
Alabama | Georgia | Iowa | +5 others Cherokee
72%
Georgia | Iowa Clayton
72%
Illinois | Indiana | Iowa | +6 others Clinton
72%
Arkansas | Georgia | Illinois | +10 others Carroll
67%
Kentucky | Missouri | Montana | +2 others Carter
67%
Illinois | Indiana | Iowa | +6 others Cass
67%
Arkansas | Florida | Georgia | +5 others Columbia
67%
Georgia | Illinois | Minnesota Cook
67%
Pennsylvania | South Carolina | Tennessee Chester
61%
Arkansas | North Carolina | Oklahoma Cleveland
61%
Oklahoma Coal
61%
Colorado | Idaho | Montana | +3 others Custer
61%
Georgia | Missouri | New Jersey | North Carolina Camden
56%
Kentucky | South Dakota | Tennessee | +2 others Campbell
56%
Florida | Virginia Charlotte
56%
Michigan Clare
56%
Arizona Cochise
56%
Arizona Coconino
56%
Missouri Cole
56%
Illinois | Kentucky | Maine | +5 others Cumberland
56%
Kentucky | Louisiana | Missouri | +2 others Caldwell
50%
Louisiana | Pennsylvania | Texas Cameron
50%
Kansas | Nebraska Chase
50%
Missouri Cooper
50%
Arkansas | Georgia | Illinois | +8 others Crawford
50%
Maryland | Virginia Caroline
44%
Alabama | Texas Chambers
44%
South Carolina | Virginia Chesterfield
44%
Colorado | Kansas | Nebraska Cheyenne
44%
Alabama | Georgia | Iowa | +2 others Clarke
44%
Alabama | Georgia | Tennessee Coffee
44%
Texas Collin
44%
Kansas | Oklahoma | Texas Comanche
44%
Oklahoma Creek
44%
Ohio Cuyahoga
44%
Idaho Canyon
39%
Montana | Pennsylvania | Utah | Wyoming Carbon
39%
New York Cayuga
39%
Illinois | Ohio Champaign
39%
Georgia Chattahoochee
39%
Iowa | Mississippi Chickasaw
39%
Alabama | Mississippi | Oklahoma Choctaw
39%
Illinois | Kentucky | Missouri Christian
39%
Pennsylvania Clearfield
39%
Texas Cooke
39%
Texas Crane
39%
Tennessee | Texas Crockett
39%
New Mexico | Oregon Curry
39%
Alabama | Arkansas | Florida | +8 others Calhoun
33%
Pennsylvania Cambria
33%
Minnesota Carlton
33%
North Carolina Catawba
33%
Pennsylvania Centre
33%
Virginia Charlottesville
33%
Nebraska Cherry
33%
South Carolina Clarendon
33%
Pennsylvania Clarion
33%
Georgia Cobb
33%
Arkansas Conway
33%
Oregon | Wyoming Crook
33%
Texas Callahan
28%
North Carolina Carteret
28%
Kentucky Casey
28%
Georgia Catoosa
28%
New York Cattaraugus
28%
Iowa | Missouri | Nebraska Cedar
28%
Kansas | New York Chautauqua
28%
Michigan | Minnesota | Wisconsin Chippewa
28%
Nevada Churchill
28%
Tennessee Cocke
28%
Alabama Colbert
28%
Texas Coleman
28%
South Carolina Colleton
28%
California Colusa
28%
Texas Comal
28%
California Contra Costa
28%
New Hampshire Coös
28%
Oregon Coos
28%
Oklahoma | Virginia Craig
28%
Georgia Crisp
28%
Arkansas | Kentucky Crittenden
28%
Texas Culberson
28%
North Carolina Cabarrus
22%
Utah Cache
22%
Louisiana | Oklahoma Caddo
22%
California Calaveras
22%
Maryland Calvert
22%
Georgia Candler
22%
Tennessee Cannon
22%
New Jersey Cape May
22%
Kentucky Carlisle
22%
North Carolina Caswell
22%
New Mexico Catron
22%
Iowa Cerro Gordo
22%
Colorado Chaffee
22%
Michigan Charlevoix
22%
Georgia Charlton
22%
Georgia | North Carolina Chatham
22%
New Mexico Chaves
22%
Michigan Cheboygan
22%
Virginia Chesapeake
22%
New Hampshire Cheshire
22%
Texas Childress
22%
Alaska Chugach
22%
Florida Citrus
22%
Oregon Clackamas
22%
Idaho | Minnesota Clearwater
22%
Ohio Clermont
22%
Illinois Coles
22%
Florida Collier
22%
Georgia Colquitt
22%
Ohio Columbiana
22%
Wyoming Converse
22%
Ohio Coshocton
22%
Oklahoma Cotton
22%
Alabama | Mississippi | Virginia Covington
22%
Georgia Coweta
22%
Washington Cowlitz
22%
North Carolina Currituck
22%
West Virginia Cabell
17%
Vermont Caledonia
17%
Missouri Callaway
17%
Kentucky Calloway
17%
Oklahoma Canadian
17%
Missouri Cape Girardeau
17%
Nevada Carson City
17%
Minnesota Carver
17%
Texas Castro
17%
North Dakota Cavalier
17%
Maryland Cecil
17%
Washington Chelan
17%
New York Chemung
17%
New York Chenango
17%
Vermont Chittenden
17%
Montana Chouteau
17%
Louisiana | Mississippi | Tennessee Claiborne
17%
Georgia Clinch
17%
Kansas Cloud
17%
Texas Cochran
17%
Kansas Coffey
17%
Texas Coke
17%
Texas Collingsworth
17%
Texas Concho
17%
Alabama Conecuh
17%
Colorado Conejos
17%
Alabama Coosa
17%
Mississippi Copiah
17%
Alaska Copper River
17%
New York Cortland
17%
Colorado Costilla
17%
Arkansas Craighead
17%
North Carolina Craven
17%
Alabama Crenshaw
17%
Texas Crosby
17%
Minnesota Crow Wing
17%
Louisiana Calcasieu
11%
Wisconsin Calumet
11%
Idaho Caribou
11%
Montana Cascade
11%
Idaho Cassia
11%
Louisiana Catahoula
11%
Missouri Chariton
11%
Georgia Chattooga
11%
Alabama Chilton
11%
North Carolina Chowan
11%
Oklahoma Cimarron
11%
Washington Clallam
11%
Oregon Clatsop
11%
Colorado Clear Creek
11%
Alabama | Arkansas Cleburne
11%
Mississippi Coahoma
11%
Nebraska | New Mexico Colfax
11%
Virginia Colonial Heights
11%
Louisiana Concordia
11%
Texas Coryell
11%
Texas Cottle
11%
Kansas Cowley
11%
Arkansas Cross
11%
Colorado Crowley
11%
Alabama Cullman
11%
Virginia Culpepper
11%
Idaho Camas
6%
Virginia Charles City
6%
South Dakota Charles Mix
6%
Tennessee Cheatham
6%
Arkansas Chicot
6%
Minnesota Chisago
6%
New Mexico Cibola
6%
South Dakota Codington
6%
South Dakota Corson
6%
Minnesota Cottonwood
6%
Nebraska Cuming
6%
No matching quizzes found
Score Distribution
Percent of People with Each Score
Percentile by Number Answered
Your Score History
You have not taken this quiz